000 00678nam#a22002655a#4500
001 232
008 060425s1961####ag#####g#####l|01#0bspa||
245 1 0 _aPedro el Grande de Rusia /
_cR. Diaz - Alejo.
260 _aBuenos Aires :
_bAtlántida,
_c1961.
300 _a126 p. ;
_c16 cm.
490 0 _aBiblioteca Billiken. Colección verde
100 1 _aDiaz - Alejo, Pedro.
080 _a929 Pedro el Grande
084 _aD67-A35
653 _aHistoria
653 _aFuerte
653 _aGobierno
653 _aGuerra
653 _aMuerte emperatriz
653 _aBiografía.
040 _aAR-ClEAG
_cAR-ClEAG
005 20241107184629.0
003 AR-ClEAG
942 _cBK
999 _c232
_d232
980 _62
_aEvangelina Gallicchio
_82
_gEvangelina Gallicchio